| 000 | 00848nam a22002532a 4500 | ||
|---|---|---|---|
| 001 | 27770 | ||
| 003 | BD-RjUL | ||
| 005 | 20211209051211.0 | ||
| 008 | 140327s19541937 uk 000 0 eng d | ||
| 035 | _a(BD-RjUL)27849 | ||
| 040 |
_aCIN _cCIN _dBD-RjUL _beng |
||
| 041 | _aeng | ||
| 082 |
_a930 _bWEF 1954 |
||
| 090 |
_aD23 _b.W4 |
||
| 100 | 1 |
_aWedgwood, A. _985248 |
|
| 245 | 1 | 0 | _aFounders of cities / |
| 260 |
_aLondon : _bLongmans ; _c1937 [Reprinted 1954] |
||
| 300 |
_a126 p. : _billus. ; _c19 cm |
||
| 490 | _aDiscovering history. | ||
| 505 | 0 | _abk. 1. Founders of cities, by A. Wedgwood and C.S.S. Higham.--bk. 2. The heritage of Greece & Rome, by A. Wedgwood & C.S.S. Higham | |
| 650 | 0 |
_a History, Ancient -- Juvenile literature. _985249 |
|
| 700 | 1 |
_aHigham ,C. S .S . _985250 _qHigham, Charles Strachan Sanders |
|
| 942 |
_2ddc _cBK |
||
| 999 |
_c27770 _d27770 |
||